00630cam a2200205 a 450000100100000000500170001000800410002702000150006804000230008308200180010610000360012424500480016026000330020830000210024149000440026258600260030665000220033265000260035483000440038000000807120200929154423.0940215s1991 sp 000 f spa d a843207036X aDO-SdBNPcFMUdDLC a863.64bM971j1 aMuñoz Molina, Antonio,d1956-13aEl jinete polaco /cAntonio Muñoz Molina. aBarcelona :bPlaneta,c1991. a577 p. ;c21 cm.1 aAutores españoles e hispanoamericanos aPremio planeta, 1991. 4aNovela española 4aLiteratura española 0aAutores españoles e hispanoamericanos